Music Quiz

Random Music Quiz

Lyrics: Into the Night? (Benny Mardones) Quiz Stats

Quiz not verified by Sporcle

Challenge
Share
Tweet
Embed
Score 0/130 Timer 10:00
0 Plays Today
Answer % Correct
know
100%
you
100%
to
100%
know...
100%
you
100%
you
100%
into
100%
the
100%
night
100%
and
100%
you
100%
a
100%
a
100%
a
100%
and
100%
And
100%
the
100%
you
100%
and
100%
to
100%
to.
100%
you
100%
to
100%
know...
100%
you
100%
you
100%
into
100%
the
100%
night
100%
and
100%
you
100%
a
100%
what
92.9%
love
92.9%
But
92.9%
want
92.9%
If
92.9%
could
92.9%
fly
92.9%
I'd
92.9%
pick
92.9%
up
92.9%
I'd
92.9%
take
92.9%
Answer % Correct
show
92.9%
love
92.9%
that
92.9%
you've
92.9%
never
92.9%
seen,
92.9%
ever
92.9%
seen.
92.9%
It's
92.9%
like
92.9%
It's
92.9%
like
92.9%
it
92.9%
all
92.9%
it
92.9%
for
92.9%
do
92.9%
it
92.9%
it's
92.9%
my
92.9%
love,
92.9%
it
92.9%
But
92.9%
want
92.9%
If
92.9%
could
92.9%
fly
92.9%
I'd
92.9%
pick
92.9%
up
92.9%
I'd
92.9%
take
92.9%
show
92.9%
love
92.9%
like
92.9%
you've
92.9%
never
92.9%
seen,
92.9%
ever
92.9%
seen.
92.9%
She's
85.7%
just
85.7%
sixteen
85.7%
years
85.7%
Answer % Correct
old,
85.7%
Leave
85.7%
her
85.7%
alone
85.7%
they
85.7%
say.
85.7%
who
85.7%
don't
85.7%
is
85.7%
I
85.7%
I
85.7%
having
85.7%
dream
85.7%
heart.
85.7%
having
85.7%
I
85.7%
wait
85.7%
of
85.7%
I
85.7%
I
85.7%
I
85.7%
Separated
78.6%
by
78.6%
fools
78.6%
where
78.6%
nobody
78.6%
has
78.6%
watching
78.6%
fall
78.6%
apart.
78.6%
would
78.6%
till
78.6%
end
78.6%
time
78.6%
yet.
71.4%
again,
71.4%
true.
71.4%
can't
71.4%
there's
71.4%
nothing
71.4%
measure
64.3%
compare
64.3%

You're not logged in!

Compare scores with friends on all Sporcle quizzes.
Sign Up with Email
OR
Log In

You Might Also Like...

Show Comments

Extras

Top Quizzes Today


Score Distribution

Your Account Isn't Verified!

In order to create a playlist on Sporcle, you need to verify the email address you used during registration. Go to your Sporcle Settings to finish the process.